| 000 | 00330nam a2200121Ia 4500 | ||
|---|---|---|---|
| 008 | 180315s9999 xx 000 0 und d | ||
| 020 | _a9780071282765 | ||
| 100 | _aWise, Eric | ||
| 245 |
_cEric Wise _aAnatomy & physiology : _blaboratory manual / |
||
| 250 | _a8th ed. | ||
| 260 |
_aNY : _b2009 _cMcGrawHill |
||
| 300 | _ax, 550 pages | ||
| 999 |
_c356338 _d356338 |
||